000 00869nam a2200205Ia 4500
003 IN-BaIIA
008 211028s9999 xx 000 0 eng d
040 _cIIA Library
080 _a524.68(082.2)
_bGAS
100 _aBregman, Joel N.
_915625
111 _aWorkshop on Gaseous Halos of Galaxies
_cGreen Bank,West Virginia, USA
_d1985 May 30 - June 1
_915626
245 0 _aGaseous halos of galaxies
_bproceedings of the workshop on gaseous halos of galaxies, held in Green Bank,West Virginia, USA, 30 May-1 June 1985
_cJoel N.Bregman and Felix J. Lockman
260 _aWest Virginia
_bNational Optical Astronomy Observatories
_c1986
300 _ax, 284p.
490 _aNRAO workshop no. 12
650 _aAstronomy and astrophysics thesaurus
650 _aGalaxies
_91286
700 _aLockman, Felix J.
_915627
942 _cBK
999 _c9288
_d9288